000 00702nam a2200265Ia 4500
005 20260302114417.0
008 008 260114s9999 xx 000 0 eng d
020 _a9781666983500
037 _aTextbook
040 _aCRL
040 _beng
040 _cCRL
041 _2eng
041 _aeng
084 _qCRL
100 _aMaria-Alina Asavei
_91118686
245 0 _aAesthetics, Disinterestedness, and Effectiveness in Political Art
260 _bBloomsbury
260 _bLexington Books
260 _c2018
650 _aPhilosophy
856 _uhttps://doi.org/10.5040/9781666983500?locatt=label:secondary_bloomsburyCollections
942 _cEBOOK
999 _c1682449
_d1682449